Southville International School and Colleges
Your cart is empty.
  • Cart
  • Lists
    Public lists Eva Luna New books Lux_list list_1
    Your lists Log in to create your own lists
  • Log in to your account
  • Your cookies
  • Search history
Southville International School and Colleges
  • Advanced search
  • Recent comments
  • Most popular
  • Libraries

Log in to your account

Log in with GOOGLE


If you do not have an external account, but do have a local account, you can still log in:

  1. Home
  2. MARC view: Star scout handbook /
Normal view MARC view ISBD view

Star scout handbook / (Record no. 12070)

[ view plain ]
MARC details
000 -LEADER
fixed length control field 00501nam a22001817a 4500
003 - CONTROL NUMBER IDENTIFIER
control field OSt
005 - DATE AND TIME OF LATEST TRANSACTION
control field 20140310182337.0
008 - FIXED-LENGTH DATA ELEMENTS--GENERAL INFORMATION
fixed length control field 130925t xxu||||| |||| 00| 0 eng d
050 ## - LIBRARY OF CONGRESS CALL NUMBER
Classification number HS 3316
Item number .St795 1984
082 ## - DEWEY DECIMAL CLASSIFICATION NUMBER
Classification number GS 369.4
Item number St 2 1984
245 ## - TITLE STATEMENT
Title Star scout handbook /
260 ## - PUBLICATION, DISTRIBUTION, ETC. (IMPRINT)
Place of publication, distribution, etc Printed in the Philippines :
Name of publisher, distributor, etc Classic,
Date of publication, distribution, etc 1984.
300 ## - PHYSICAL DESCRIPTION
Extent 146 p. :
Other physical details ill. ;
Dimensions 21 p. ;
650 ## - SUBJECT ADDED ENTRY--TOPICAL TERM
Topical term or geographic name as entry element Scout & Scouting
9 (RLIN) 21599
650 ## - SUBJECT ADDED ENTRY--TOPICAL TERM
Topical term or geographic name as entry element Star Scout handbook
9 (RLIN) 21600
942 ## - ADDED ENTRY ELEMENTS (KOHA)
Source of classification or shelving scheme Library of Congress Classification
Koha item type
Holdings
Withdrawn status Lost status Source of classification or shelving scheme Damaged status Home library Current library Shelving location Date acquired Total Checkouts Full call number Barcode Date last seen Copy number Price effective from Koha item type
    Library of Congress Classification   Luxembourg Library Luxembourg Library Grade School Section 09/25/2013   HS 3316 .St795 1984 4349 10/28/2015 1 09/25/2013 Books

Star scout handbook /

APA

(1984). Star scout handbook. Printed in the Philippines: Classic.

Chicago

1984. Star scout handbook. Printed in the Philippines: Classic.

Harvard

(1984). Star scout handbook. Printed in the Philippines: Classic.

MLA

Star scout handbook. Printed in the Philippines: Classic. 1984.

  • Place hold
  • Print
  • Cite
  • Add to your cart (remove)
  • Save record
    BIBTEX Dublin Core MARCXML MARC (non-Unicode/MARC-8) MARC (Unicode/UTF-8) MARC (Unicode/UTF-8, Standard) MODS (XML) RIS
  • More searches
    Search for this title in:
    Other Libraries (WorldCat) Other Databases (Google Scholar) Online Stores (Bookfinder.com) Open Library (openlibrary.org)

Exporting to Dublin Core...

SOUTHVILLE LIBRARY

Southville International School and Colleges Library

1281 Tropical Ave. Cor. Luxembourg St., BF Homes International, Las Pinas City

Tel. No. 8256374 / 252358 Loc. 117/146

Powered by Koha